000 02113nam a22002057a 4500
005 20260121095423.0
008 231204b ||||| |||| 00| 0 eng d
020 _a9789357029001
040 _cAL
041 _aEnglish
082 _223
_a297.095
_bHASF
100 _aIqbal S Hasnain
_9252009
245 _aFault lines in the faith: how events of 1979 shaped the Islamic World
260 _aNew Delhi
_bRupa Publications India Pvt Ltd
_c2023
300 _axxxii,287 p.
_bPB
_c21.5x14 cm.
365 _aBLCR-000064
_b₹316.00
_c
_d₹395.00
_e20%
_f25-11-2023
520 _a‘What if an ideology, which is meant to impart wisdom and guidance to humanity, itself loses all its control and causes serious woes to the entire world?’ In the last few decades, an extremely anti-pluralistic, visibly misogynistic and terribly intolerant strain of Islam has taken control of the Arabian heartland and systematically spread out to other countries, eventually wreaking havoc across the world. Covering the expansion of political Islam in the modern Arab and non-Arab world until the dawn of Crown Prince Bin Salman era in Saudi Arabia, Hasnain’s thorough research explores the radicalization of Muslim youth in North America and Europe, as well as the sectarian fault lines and rise of the Shia crescent in the Middle-East. These developments ultimately led to the rise of Islamic State in Iraq and Syria (ISIS), along with the weaponization of Islamic thought through the use of various social media platforms for the reAn important work, it exposes how extremist outfits, with the support of the religious apparatus, methodically managed to scar the face of a faith that claims to have the second largest number of followers in the world. cruitment of jihadi volunteers, which has plagued the world in the past decade. An important work, it exposes how extremist outfits, with the support of the religious apparatus, methodically managed to scar the face of a faith that claims to have the second largest number of followers in the world.
650 _aIslamic countries
_9144327
942 _2ddc
_cBK
999 _c229365
_d229365